O účtovnej závierke podniku trochu inak
Základné zásady, na ktorých je založené zostavenie účtovnej závierky. Účtovná závierka zostavená za predpokladu trvania podniku. Predpoklad podniku a česká účtovná legislatíva. Zákon o účtovníctve. Postupy účtovania pre podnikateľov. Opravné položky. Rezervy.
Saved in:
| Main Author: | |
|---|---|
| Other Authors: | |
| Format: | Book Chapter |
| Language: | Slovak |
| Subjects: | |
| Tags: |
No Tags, Be the first to tag this record!
|
MARC
| LEADER | 00000naa a2200000 4500 | ||
|---|---|---|---|
| 001 | r040290 | ||
| 005 | 20240502071335.6 | ||
| 041 | 0 | |a slo | |
| 044 | |a SK | ||
| 245 | 1 | 0 | |a O účtovnej závierke podniku trochu inak |c Dana Kovanicová ; preložil: Miloš Tumpach |
| 520 | |a Základné zásady, na ktorých je založené zostavenie účtovnej závierky. Účtovná závierka zostavená za predpokladu trvania podniku. Predpoklad podniku a česká účtovná legislatíva. Zákon o účtovníctve. Postupy účtovania pre podnikateľov. Opravné položky. Rezervy. | ||
| 610 | 2 | 0 | |a účtovníctvo |
| 610 | 2 | 0 | |a závierka účtovná |
| 610 | 2 | 0 | |a legislatíva |
| 610 | 2 | 0 | |a Česko |
| 610 | 2 | 0 | |a postupy účtovné |
| 610 | 2 | 0 | |a položky opravné |
| 610 | 2 | 0 | |a rezervy |
| 610 | 2 | 0 | |a pojmy |
| 100 | 1 | |a Kovanicová, Dana | |
| 700 | 1 | |a Tumpach, Miloš, 1970- | |